[Event "Qatar Masters op"]
[Site "Doha"]
[Date "2015.12.24"]
[Round "5"]
[White "Korobov, Anton"]
[Black "Swiercz, Dariusz"]
[Result "0-1"]
[WhiteElo "2713"]
[BlackElo "2646"]
[Annotator "Swiercz,D"]
[PlyCount "70"]
[EventDate "2015.12.20"]
[EventType "swiss"]
[EventRounds "9"]
[EventCountry "QAT"]
[SourceTitle "CBM 170"]
[Source "ChessBase"]
[SourceDate "2016.01.15"]
[SourceVersion "1"]
[SourceVersionDate "2016.01.15"]
[SourceQuality "1"]

1. d4 Nf6 2. c4 g6 3. f3 {3.f3 is considered an interesting try against the
Grünfeld. It leads to unbalanced position which are full of life .} d5 (3...
Nc6 {I had used this twice before in rapid games but this time I decided to
choose another line.}) 4. cxd5 Nxd5 5. e4 Nb6 6. Nc3 Bg7 7. Be3 O-O 8. Qd2 Nc6
9. O-O-O Qd6 10. Nb5 Qd7 11. f4 $5 {Actually I think this line is not so
dangerous to Black, however it leads to some positions which are tricky for
both sides .} (11. Kb1 Rd8 12. d5 a6 13. Nc3 {is the main position where the
theory just starts.} Qe8 (13... Na5 14. Qc1 Qd6 (14... Qe8 {transposes}) 15. h4
Qb4 16. h5 Nac4 17. hxg6 hxg6 18. Bxc4 Nxc4 19. Nge2 Nxe3 20. Qxe3 {
Giri-Gelfand 2014, looks a bit risky to Black, however the position is not
clear at all.}) (13... Ne5 14. Bd4 (14. Qc1 $5 $13) 14... c5 15. Bxc5 Nec4 16.
Bxc4 Nxc4 17. Qc1 Qc7 18. Bd4 e5 19. Bf2 b5 $44 {Eljanov-Areshchenko 2012,
Black has compensation for the pawn.}) 14. Qc1 Na5 15. h4 (15. Bh6 $5 {
Carlsen-Caruana 2014}) 15... e6 16. Bf4 Qe7 (16... Rd7 17. Bh6 Bxh6 18. Qxh6
Qf8 19. Qxf8+ Kxf8 20. h5 {Bacrot-Baramidze 2015, with some initiative.}) 17.
h5 exd5 18. hxg6 hxg6 19. Bg5 f6 20. Bh6 Be6 $13 {Hillarp Persson-Ragger 2015,
with an unclear position.}) (11. Bh6 {this line has been already proven to be
OK for Black in 2013 in the game Svidler-Caruana.} Bxh6 12. Qxh6 a6 13. Nc3
Nxd4 14. f4 f6 15. Nf3 e5 16. fxe5 fxe5 17. Nxe5 Qd6 18. Nf3 c5 19. Ng5 Qe7 20.
Nd5 Nxd5 21. Bc4 Kh8 22. exd5 Qg7 $11) 11... Qe6 12. Nc3 Nc4 13. Qe2 N6a5 $1 {
[%cal Gc7c5] An important move. Black does not hurry with ...Nxe3. It is more
important to open the queenside and start an attack there as soon as possible.}
(13... Nxe3 {is an alternative, but I dislike the positions appearing after}
14. Qxe3 Nb4 15. Kb1 c6 16. Nf3 Nd5 17. Nxd5 cxd5 18. e5 $14) 14. Bf2 $6 {
This is too slow in my opinion. It gives Black some time to build an attack.} (
14. Nf3 {looks more to the point.} c5 15. e5 cxd4 16. Nxd4 Qb6 $13 {
Karjakin-Giri 2013} (16... Qa6 $5 $13 {is also possible.})) 14... c5 15. Nf3 b5
$1 16. e5 {Closing off this bishop is necessary.} Qa6 $6 {A very tempting
natural move, which creates some scary tactical ideas Nb3-Bf5 etc. However,
it's not the best.} (16... b4 $1 {was pretty strong} 17. Ne4 b3 18. a3 cxd4 19.
Nxd4 Qb6 $40 {and Black is fast with creating an attack.}) 17. Ne4 $2 {A huge
mistake.} ({The best was just} 17. dxc5 $1 {and apparently Black's tactical
ideas are enough only for a draw.} Bh6 $1 {The only move, others look just bad}
(17... Bf5 $2 18. Nd4 $1 $16) (17... Bg4 $2 18. h3 $16) (17... Nb3+ $2 {
does not work due to} 18. axb3 Qa1+ 19. Nb1 $18) 18. g3 Bg4 19. h3 (19. Bg2 $2
Rfd8 $17) 19... Nb3+ $1 20. Kc2 $1 (20. axb3 {The knight is now lost because
it will be left hanging on f3.} Qa1+ 21. Nb1 Bxf3 $19) 20... Bf5+ 21. Kxb3 Na5+
22. Kb4 Nc6+ 23. Kb3 Na5+ 24. Kb4 Nc6+ $11 {a funny draw!}) 17... Bf5 $1 {
Now Black is again in charge with even more power.} 18. g4 {looks like only
move to me from practical point of view.} (18. Nxc5 {was not possible because
of} Nb3+ $1 19. Nxb3 Qxa2 $19 {and otherwise it's difficult to suggest any
other move than g4, as it's not possible for White to put up with this Bf5.})
18... Bxg4 19. Nxc5 Nb3+ $1 20. Kb1 Nxc5 21. dxc5 {Black's position is so good
that there are so many options.} f6 {Not the best, but it doesn't spoil
Black's advantage. I thought it's kind of natural to open up the Bg7 and let
this piece join the attack.} ({The simplest was} 21... Rad8 $1 22. Bg2 Bf5+ 23.
Ka1 Na5 24. b4 Nc4 {with just a winning position.}) 22. Rg1 Bh5 23. Qe4 (23. e6
f5 $19) 23... fxe5 24. Bxc4+ bxc4 25. Rd7 Bxf3 26. Qxf3 Qe6 $1 {with this move
I allow escape my opponent to the endgame but I estimated it correctly as
being completely winning.} (26... Rab8 {was also possible (and I thought to
play it) but it's not the best from the practical point of view in my opinion.}
27. Rxe7 {why give up this pawn?} Rxf4 (27... Rxb2+ $4 {was a trap:} 28. Kxb2
e4+ 29. Rxg7+ $1 $18 {and White wins.}) 28. Qd5+ Kh8 29. Be3 Qb5 $1 {and Black
is still much better, but why complicate the task so much?}) 27. Rgd1 (27. Qd5
Qxd5 28. Rxd5 exf4 $19) 27... e4 $19 {At last opening the big diagonal for the
Bg7.} 28. Qe2 Rfb8 29. R1d4 (29. Bd4 c3 30. b3 Rxb3+ 31. axb3 Qxb3+ 32. Kc1 (
32. Ka1 c2 $19) 32... Qa3+ $19) (29. R7d2 Bxb2 30. Rxb2 c3 $19) (29. R7d4 c3
$19) 29... c3 30. b4 Bxd4 31. Rxd4 a5 32. b5 c2+ 33. Qxc2 (33. Kb2 Qxa2+ 34.
Kxa2 c1=N+ $1 $19 {A nice tactical idea at the end!}) 33... Rxb5+ 34. Kc1 e3
35. Re4 exf2 0-1

[Event "Tel Aviv Last Autumn"]
[Site "Tel Aviv"]
[Date "2002.11.04"]
[Round "5"]
[White "Bykhovsky, Avigdor"]
[Black "Tyomkin, Dimitri"]
[Result "1/2-1/2"]
[WhiteElo "2481"]
[BlackElo "2482"]
[Annotator "Tyomkin,D"]
[PlyCount "62"]
[EventDate "2002.11.01"]
[EventType "tourn"]
[EventRounds "9"]
[EventCountry "ISR"]
[EventCategory "8"]
[SourceTitle "CBM 092"]
[Source "ChessBase"]
[SourceDate "2003.02.06"]
[SourceVersion "1"]
[SourceVersionDate "2003.02.06"]
[SourceQuality "1"]

1. d4 Nf6 2. c4 g6 3. f3 d5 4. cxd5 Nxd5 5. e4 Nb6 6. Nc3 Bg7 7. Be3 Nc6 8. d5
Ne5 9. Bd4 O-O {One of many lines in Gruenfeld that was developed by GM Mark
Tseitlin from black's view;} 10. f4 Ng4 {10...c5 looks attractive but white
gets and advantage in that line!} (10... c5 11. Bxc5 $1 {and black doesn't get
enough counterplay here;} (11. Bxe5 f6 {[%csl Re5]})) 11. Bxg7 Kxg7 12. Be2
$146 {That's a novelty but not a big improvement;} (12. Nf3 c6 (12... e6 $5)
13. Qd4+ Nf6 14. dxc6 Qxd4 15. Nxd4 $14 bxc6 16. Be2 c5 17. Nb3 c4 18. Na5 Be6
19. O-O-O Rac8 20. Bf3 Nfd7 21. f5 {1/2-1/2 Dreev,A-Smirin,I/Biel SUI 2002/The
Week in Chess 403 (21)}) (12. Qd4+ Kg8 $1 13. h3 Nf6 {[%csl Rg3][%cal Gf6h5]}
14. Nf3 Nh5 {[%cal Gh5g3]}) 12... e5 $5 $132 {Typical blow but that's not the
only way for black!} ({By simple 12...Nf6 black is in time to break white
centre by c6 or e6;} 12... Nf6 13. Nf3 (13. Qd4 c6) 13... e6 $1 {breaking
white's pawn centre;}) 13. Bxg4 Qh4+ 14. g3 Qxg4 15. fxe5 $6 {It leads to
better ending for black already; 15.QxQ is better way for white however black
achieves good play as well;} (15. Qxg4 Bxg4 16. h3 Bd7 17. Nf3 (17. fxe5 Nc4 {
[%cal Ga8e8]}) 17... exf4 18. gxf4 Rae8 19. O-O-O f6 {[%cal Ge8e7,Gf8e8,Gb6c4,
Yc4d6]}) 15... Qxd1+ 16. Nxd1 Re8 {Black returns the pawn easily here;} 17. Nf3
Bg4 18. O-O Bxf3 19. Rxf3 Rxe5 $15 {Black is better mostly thanks to better
pawn structure- white central pawns are vulnerable;} 20. Nf2 Rae8 $2 {playing
R8e8 I just forgot that white may place 2 rooks on c-file and Re7 wouldn't be
enough to protect c7 pawn! ;-) 20...f5 was necessary and d5 turns to the
target;} (20... f5 $1 21. Rc1 (21. exf5 $6 gxf5 {[%csl Rd5]}) 21... Rc8 $15 {
[%csl Rd5]} (21... Re7 $6 22. Rfc3 Rc8 23. d6)) 21. Rc1 R8e7 22. Rfc3 Na8 $2 {
This is not big pleasure to move a knight to the corner, however I didn't find
better solution; Only in post-mortem I found 22...f5 idea and black probably
escapes;} (22... f5 23. Rxc7 fxe4 24. d6 Rf7 {[%cal Ge4e3]} 25. Re1 $11) 23.
Ra3 a6 24. Rb3 b6 {[%csl Ra8,Rb6,Rc7] Black knight is disasted however there
is no clear way for white to achieve clear advantage!} 25. Rd3 ({The following
line would cause black more troubles, but black is able to create counterplay
everywhere thanks to f5 break;} 25. Ra3 a5 {[%cal Gf7f5]} 26. g4 $1 (26. b4 f5
$1 $132) 26... h5 $1 (26... f5 27. gxf5 gxf5 28. Rg3+ $40 {[%cal Gc1f1]}) 27.
h3 (27. gxh5 $5) 27... f5 $132) 25... f5 $1 {Finally!} 26. exf5 Rxf5 27. d6 {
It simplifies, but probably white doesn't have an advantage anyhow cuz d-pawn
is vulnerable;} cxd6 28. Rxd6 Rf6 29. Rdc6 Rxc6 30. Rxc6 Rc7 {By couple of
accurate moves black fully equalized;} 31. Re6 (31. Rxc7+ Nxc7 $11) 31... Kf7 (
31... Kf7 32. Re2 Rc1+ 33. Kg2 Nc7 $11 {[%cal Gc7d5] bringing knight back to
the play;}) 1/2-1/2

[Event "Tel Aviv Last Autumn"]
[Site "Tel Aviv"]
[Date "2002.11.10"]
[Round "7"]
[White "Kudischewitsch, David"]
[Black "Tyomkin, Dimitri"]
[Result "0-1"]
[WhiteElo "2384"]
[BlackElo "2482"]
[Annotator "Tyomkin,D"]
[PlyCount "98"]
[EventDate "2002.11.01"]
[EventType "tourn"]
[EventRounds "9"]
[EventCountry "ISR"]
[EventCategory "8"]
[SourceTitle "CBM 092"]
[Source "ChessBase"]
[SourceDate "2003.02.06"]
[SourceVersion "1"]
[SourceVersionDate "2003.02.06"]
[SourceQuality "1"]

1. d4 Nf6 2. c4 g6 3. f3 d5 4. cxd5 Nxd5 5. e4 Nb6 6. a4 a5 7. Be3 Bg7 8. Na3 {
That's one of original opening schemes of "Kudi"; It has it's point cuz the
idea of white is to play Rc1 and to stop c5 of black, but black has couple of
ways to reach good counterply;} O-O 9. Rc1 c6 {Thanks to good preparation for
this game, I knew exactly what to do in the opening stage; 9...Nc6 is another
good way to face this scheme;} (9... Nc6 10. Nb5 e6 11. b3 f5 12. g3 Rf7 13.
Ne2 Nb4 14. Qd2 c6 $15 {0-1 Kudischewitsch,D-Dub,Z/Tel Aviv ISR 2002/The Week
in Chess 409 (23)}) 10. Nc4 N8d7 {The idea of black is to trade pair of
knights and to lead e7-e5 then;} 11. b3 Nxc4 12. bxc4 (12. Bxc4 e5 {and black
has very good position here too;}) 12... e5 13. d5 Bh6 $1 {Typical blow- by
trading those bishops black weakens dark squares in white's position;} 14. Qd2
(14. Bxh6 Qh4+ 15. g3 Qxh6 16. Qd2 Qxd2+ 17. Kxd2 Nc5 $17 {[%csl Ra4]}) 14...
Bxe3 15. Qxe3 b6 $1 {Another very strong move- black needs c5 outpost for Nd7,
but also prevents c4-c5 of white; 15...Qb6 leads to nice draw by repeatition
of moves:} (15... Qb6 16. Qxb6 Nxb6 17. c5 $1 Nxa4 18. Rc4 Nb2 (18... b5 $142
19. cxb6 Nxb6 20. Rxc6 Rb8 {and black seems better because of advantage in
development;}) 19. Rc2 Na4) 16. Ne2 (16. dxc6 Nc5 {and then I can just grab c6
pawn by Qc7xc6 which is unpreventable;}) 16... Nc5 17. Nc3 cxd5 {This trade is
premature;} (17... Bd7 $142 $15) 18. cxd5 Bd7 19. Bb5 Bxb5 20. axb5 (20. Nxb5
$142 {this is positional pawn sacrifice- white recieves full compensation for
the pawn;} Nxa4 21. Rc6 {[%cal Ge1g1,Yf1c1] with the fight ahead; Extra pawn
of black doesn't make sense here while white pieces take strong outpost on the
queenside;}) 20... Qh4+ $1 {Right in time-white would castle otherwise;} 21.
Kd1 $1 {This move is not that bad as it seems!} (21. g3 Qh3 {leaving white
king in the centre for a while;}) 21... Rac8 22. Kc2 {This monouevre is
typical "Kudi"- you wouldn't find such creativity in many gm-tournament games;}
Qe7 {Black doesn't need the queen over the kingside anymore;} 23. Kb2 Qd6 $6 {
This is just waste of time- actually by this move I was trying to prevent
d5-d6 pawn sacrifice, but now white has time to set up the defense;} (23... Rc7
24. Nb1 Rfc8 $17) 24. Nb1 $1 Rc7 25. Rc4 Rfc8 26. Na3 $6 {just blundering next
move of black;} (26. Ka2 $1 {that was his big chance!} Nd3 27. Rc6 $1 {That's
what we both missed during the game, but Kudi showed me this in post-mortem;}
Nb4+ 28. Kb2 Nxc6 29. bxc6 {[%cal Gb1a3,Ya3c4,Ya3b5,Gh1c1] and white has
strong positional compensation since black rooks are lacking open-files;})
26... Nd3+ $1 27. Qxd3 Rxc4 28. Nxc4 Qb4+ 29. Qb3 Rxc4 30. Qxb4 Rxb4+ 31. Ka3
Rxb5 32. Rc1 Rb4 {Unfortunately the pawn ending after 32...Rc5 leads to the
draw only; But to win in this rook ending is not an easy task as well;} (32...
Rc5 33. Rxc5 bxc5 34. Ka4 c4 35. Ka3 Kf8 36. Ka4 Ke7 37. Ka3 Kd6 38. Ka4 Kc5
39. Ka3 Kb5 40. Kb2 a4 41. Kc2 a3 42. Kc3 Kc5 43. Kc2 Kb4 44. d6 c3 45. d7 a2
46. d8=Q a1=Q {and black can't win it since black queen is very passive;}) 33.
Rc8+ Kg7 34. Rc6 b5 35. Ra6 Ra4+ 36. Kb2 h5 $1 {Very useful move in all
transformations;} 37. h4 {Black would aplay h4 otherwise;} b4 38. Ra8 Ra3 39.
f4 $5 {Nice try and it almost worked out!} (39. d6 Rd3 40. Rxa5 Rxd6 41. Rxe5
Rd2+ 42. Kb3 Rxg2 {[%cal Gg2h2,Gg2f2]}) 39... exf4 40. e5 Re3 $2 {It wastes
important tempo and misses the win actually;} (40... Rg3 $142 {That was the
most logical move actually!} 41. Rxa5 Rxg2+ 42. Kb3 f3 43. Ra1 Rd2 44. d6 f6
45. exf6+ Kxf6 46. Rf1 Rxd6 47. Rxf3+ Ke5 {and black wins;}) (40... f3 41. gxf3
Rxf3 42. Rxa5 Rd3 {[%cal Gd3d4,Yf7f6] and probably black wins here too;}) 41.
d6 Rd3 42. Rxa5 f6 43. Ra7+ Kh6 44. Kc2 $1 {Important intermediate move- white
needs the king closer to the kingside!} Rd4 45. exf6 Rxd6 46. f7 $2 ({White
could save the game by:} 46. Rb7 $1 Rxf6 47. Rxb4 g5 48. Kd3 $1 Re6 49. Re4 $1
$11 {and the draw is obvious; This escape proves another time that rook
endings have tendency to draw;}) 46... Kg7 47. Rb7 Rd4 48. Kb3 f3 49. gxf3 Rxh4
0-1

[Event "Asia Chess Cup"]
[Site "Abu Dhabi"]
[Date "2016.04.02"]
[Round "6.3"]
[White "Vidit, Santosh Gujrathi"]
[Black "Maghsoodloo, Parham"]
[Result "1-0"]
[WhiteElo "2648"]
[BlackElo "2489"]
[Annotator "Vidit,S"]
[PlyCount "79"]
[EventDate "2016.03.28"]
[EventType "team-swiss"]
[EventRounds "9"]
[EventCountry "UAE"]
[SourceTitle "CBM 172"]
[Source "ChessBase"]
[SourceDate "2016.05.12"]
[SourceVersion "1"]
[SourceVersionDate "2016.05.12"]
[SourceQuality "1"]
[WhiteTeam "India"]
[BlackTeam "Iran"]
[WhiteTeamCountry "IND"]
[BlackTeamCountry "IRI"]

1. d4 Nf6 2. c4 g6 3. f3 d5 4. cxd5 Nxd5 5. e4 Nb6 6. Nc3 Bg7 7. Be3 O-O 8. Qd2
Nc6 9. O-O-O f5 {This used to be popular a few years ago but according to
current theory it has the reputation of being a bit dubious.} 10. e5 (10. h4 {
used to be the main line previously, but has lost popularity lately} fxe4 11.
h5 gxh5 12. Rxh5 (12. d5 Ne5 13. Bh6 Nec4 14. Qg5 Rf7 15. Bxc4 Nxc4 16. Rd4 Qd6
17. Bxg7 Rxg7 18. Qxh5 Qf4+ 19. Kb1 Bf5 20. fxe4 Bg4 21. Nge2 Qd2 {0-1 (21)
Mamedyarov,S (2724)-Kurnosov,I (2602) Moscow 2009}) 12... Bf5 13. Rg5 (13. fxe4
Bg4 14. Rg5 Bxd1 15. Qxd1 Kh8 16. Nf3 Nxd4 $1 (16... e6 {1-0 (29) Kovalenko,I 
(2596)-Krasenkow,M (2643) Trzcianka 2013}) 17. Nxd4 Rxf1 18. Qxf1 Bxd4 19. Nd5
Bxe3+ 20. Nxe3 Qd6 $15) 13... Bg6 14. Nxe4 e5 15. d5 Nd4 $11 {Vallejo Pons,F 
(2702)-Navara,D (2638) Wijk aan Zee 2009}) 10... Nb4 11. Nh3 Be6 (11... Qe8 12.
Kb1 a5 13. Be2 c6 14. Rc1 Kh8 15. Ka1 Be6 16. Nf4 {led to a model victory for
Carlsen against Li Chao in the Qatar Masters, where White was just a little
faster than Black.}) 12. Kb1 Qd7 13. Nf4 Nc4 $6 {A new move in this position.}
14. Qc1 (14. Bxc4 Bxc4 15. h4 Rfd8 {was a possiblity, but I think the text was
much simpler and more straightforward.}) 14... Nxe3 15. Qxe3 c6 16. Nxe6 $1 {
White has many tempting options here, but this move goes by force to a
position in which White has a simple strategic advantage.} (16. h4 Bh6 17. h5
g5 18. Nxe6 Qxe6 19. a3 Nd5 20. Nxd5 Qxd5 {is less clear than the text.}) 16...
Qxe6 17. a3 Nd5 18. Nxd5 cxd5 (18... Qxd5 {It seems a little dangerous to keep
the a2-g8 diagonal exposed, especially with h4-h5 coming so swiftly.} 19. h4
Rac8 20. Rc1 {[%cal Gf1c4]}) 19. h4 $1 {A very unpleasant move for Black.
Black has made no obvious mistakes but his position is already strategically
highly dubious.} h6 $6 {looks a bit naive} (19... h5 {I thought this was
better, with the idea} 20. Be2 ({But White still keeps the initiative with} 20.
Rg1 $1 Kh7 21. g4 Bh6 22. Qb3 $36) 20... Kh7 $1 21. g4 Bh6 {forcing White to
play g5.}) 20. Qb3 {The plan that follows is quite straightforward and simple
- to break through with g4.} Rfc8 $6 {A sub optimal move. Although It's not
easy for Black to play maybe the best was to admit the mistake and play h5.}
21. Bd3 Rc7 22. g4 {White just crashes through on the kingside. Black has no
counterplay on the other flank and he won't be able to defend on the light
squares either.} fxg4 23. fxg4 $6 {White is still much better but Rhg1 was
just winning} (23. Rhg1 $1 {was much more powerful} Rf8 24. Rxg4 Rxf3 {I
prematurely stopped my calculations here but after} 25. Rdg1 {Black has no
defence!}) 23... Rf8 24. h5 Qxg4 25. Qxd5+ e6 26. Qb3 Rc6 (26... g5 27. Rhf1
$18) 27. Bxg6 Rf2 {Black tries to struggle for some counterplay. Black's
g7-bishop has no squares, and White's king is safe as the light squares are
still out of reach for Black's rooks...} 28. Rhg1 Rb6 (28... Qf4 29. Qxb7 {
[%csl Rg7]} Rxb2+ 30. Qxb2 Rb6 31. Qxb6 axb6 32. Bc2 $18 {[%csl Rg7]}) 29. Rxg4
Rxb3 30. Rdg1 $1 Rbf3 (30... Rbxb2+ 31. Kc1 {c2 is defended, and g7 is doomed.
A typical example of the strategic advantage White has in this position. Also,
threats like Ra2-Ra1 are simply neutralised by Bb1.} Rb6 32. Bh7+ $18) 31. Bh7+
Kh8 32. Rxg7 Rf1+ 33. Kc2 Rxg1 34. Rxg1 Kxh7 35. Rg6 Rf5 36. Rxe6 Rxh5 37. d5
Rh4 38. d6 Rd4 39. Re7+ Kg6 40. d7 1-0